000 00516nam a2200181Ia 4500
005 20250508161633.0
008 008 250505s9999 xx 000 0 eng d
037 _aTextual
040 _aFEDL
_beng
_cFEDL
041 _aeng
_2eng
084 _a551.4601, WIL
_qFEDL
100 _aWilliams Jerome
_9771134
245 0 _aOptical properties of the sea
260 _aAnnapolis
_bUnited States Naval Institute
_c1970
300 _a123p.
942 _cTEXL
_h551.4601, WIL
999 _c1371254
_d1371254